000
00301nam a22001337a 4500
008
181221b xxu||||| |||| 00| 0 eng d
020
_a
9780123740199
041
_a
eng
080
_2
3rd
_a
616.8
100
_a
7
101
_a
NEU
245
_a
Fundamental Neuroscience
_c
Squire,L.R
942
_2
udc
_c
BK
999
_c
53667
_d
53667